Top 20 countries by land area - Statistics

General Stats
  • This quiz has been taken 23 times
  • The average score is 17 of 20
Answer Stats
Answer % Correct
Canada
100%
China
100%
Russia
100%
Argentina
95%
Australia
95%
Brazil
95%
USA
95%
India
91%
Kazakhstan
91%
Mexico
91%
Algeria
86%
Indonesia
86%
Mongolia
77%
Iran
73%
Saudi Arabia
73%
Niger
68%
Peru
68%
Sudan
68%
Libya
64%
DRC
59%
No matching quizzes found
Score Distribution
Percent of People with Each Score
Percentile by Number Answered
Your Score History
You have not taken this quiz